[Event "FRA-chT Top 16 GpA"]
[Site "Mulhouse"]
[Date "2005.02.05"]
[Round "2"]
[White "Radjabov, Teimour"]
[Black "Schlosser, Philipp"]
[Result "1-0"]
[WhiteElo "2667"]
[BlackElo "2570"]
[Annotator "Ftacnik,L"]
[PlyCount "63"]
[EventDate "2005.02.04"]
[EventType "team"]
[EventRounds "7"]
[EventCountry "FRA"]
[SourceTitle "CBM 106"]
[Source "ChessBase"]
[SourceDate "2005.06.06"]
[SourceVersion "1"]
[SourceVersionDate "2005.06.06"]
[SourceQuality "1"]

1. e4 c5 2. Nf3 d6 3. d4 Nf6 4. Nc3 cxd4 5. Nxd4 a6 6. Be2 e6 7. f4 Qc7 8. O-O
Be7 9. Kh1 O-O 10. a4 Nc6 11. Be3 Re8 12. Qd2 Rb8 13. a5 $5 {The idea a4-a5
has entered the mainstream of the Schevenigen theoretical discussions. In this
position it is rather new, but still dangerous.} Nxa5 14. e5 dxe5 15. fxe5 Nd7
16. Bf4 Nxe5 (16... Nc4 17. Bxc4 Qxc4 18. b3 Qb4 19. Ra4 Qb6 20. Qf2 Ra8 21.
Be3 Rf8 22. Nf5 Qd8 23. Nxe7+ Qxe7 24. Ne4 Nxe5 25. Bc5 Qd8 26. Rd4 {1-0
Volokitin,A-Babula,V/Mallorca 2004/ (32)}) 17. Qe3 f6 (17... Bf6 18. Ne4 Nac6
19. Nxc6 bxc6 20. Nxf6+ gxf6 21. Qg3+ Kh8 22. Qh4 $18) 18. Qh3 Nac6 (18... Bd7
19. Bh5 g6 (19... Rf8 20. Bf3 Bb4 21. Nxe6 $11) 20. Rae1 Nac4 (20... gxh5 $2
21. Rxe5 $1 fxe5 22. Qg3+ $18) 21. b3 Qb6 $13) 19. Bd3 g6 (19... f5 20. Qg3 $1
Bd6 21. Ndb5 axb5 22. Nxb5 Qd8 23. Nxd6 Qxd6 24. Bb5 $14) 20. Rae1 $1 {[%mdl
128] Radjabov brings the last reserves into the battle and the seemingly
hanging knight on d4 becomes untouchable.} (20. Nxc6 bxc6 21. b3 Rb6 $13) 20...
Rf8 (20... Nxd4 $2 21. Bxe5 fxe5 22. Rf7 $1 (22. Bxg6 $6 hxg6 23. Rf7 Kxf7 24.
Qh7+ Kf8 25. Qh8+ $11) 22... h5 (22... Kxf7 23. Qxh7+ Kf8 24. Qh6+ Kg8 25.
Qxg6+ Kf8 26. Qh6+ $18) 23. Bxg6 Rf8 24. Qxh5 Rxf7 25. Bxf7+ Kf8 26. Rf1 Nf5
27. Qg6 $18) 21. Nxc6 Qxc6 (21... bxc6 22. Qg3 Rxb2 23. Bxg6 $1 hxg6 (23... Bd6
24. Ne4 hxg6 25. Nxd6 Qxd6 26. Rxe5 (26. Bxe5 fxe5 27. Qxg6+ Kh8 28. Rf3 Rxf3
29. Qh6+ Kg8 30. gxf3 $14) 26... Qe7 (26... Kg7 27. Rh5 $16) 27. Bh6 Qf7 28.
Ree1 Re8 29. Qc3 Ra2 30. Rxf6 Rxc2 31. Qf3 $18) 24. Bxe5 fxe5 25. Qxg6+ Kh8 26.
Qh5+ Kg7 27. Qg4+ Kh7 28. Rf3 Rxf3 29. gxf3 Bc5 30. Ne4 $16) 22. Bxe5 fxe5 23.
Qg3 Bd7 (23... Rf4 24. Bxg6 hxg6 (24... Bh4 25. Bf7+ $18) 25. Qxg6+ Kf8 (25...
Kh8 26. Rxf4 exf4 27. Re5 $18) 26. Qh6+ Ke8 27. Qh8+ Bf8 28. Ne2 $40) (23...
Qc7 24. Bxg6 hxg6 25. Qxg6+ Kh8 26. Rf3 $18) 24. Bxg6 $1 {White has prepared
everything for the eventual kingside attack and the moment of decision has
come.} hxg6 (24... Qc7 25. Be4+ Kh8 26. Qh3 $18) 25. Qxg6+ Kh8 26. Qh5+ Kg8 27.
Qg4+ Kh8 28. Rf3 $1 {The key move of white's aggressive concept. The opening
of the g file will spell the disaster for the black king.} Rxf3 29. gxf3 Be8 (
29... Rg8 30. Qh5+ Kg7 31. Rg1+ Kf8 32. Qh6+ Kf7 33. Qh7+ $18) 30. Ne4 Bc5 (
30... Qb6 31. Rg1 Qxg1+ 32. Kxg1 $18) 31. Nxc5 Qxc5 32. Rg1 1-0

[Event "FRA-chT Top 16 GpA"]
[Site "Mulhouse"]
[Date "2005.02.06"]
[Round "3"]
[White "Maes, Wim"]
[Black "Radjabov, Teimour"]
[Result "0-1"]
[WhiteElo "2304"]
[BlackElo "2667"]
[PlyCount "60"]
[EventDate "2005.02.04"]
[EventType "team"]
[EventRounds "7"]
[EventCountry "FRA"]
[SourceTitle "CBM 106"]
[Source "ChessBase"]
[SourceDate "2005.06.06"]
[SourceVersion "1"]
[SourceVersionDate "2005.06.06"]
[SourceQuality "1"]

1. e4 c5 2. c4 Nc6 3. Nc3 g6 4. g3 Bg7 5. Bg2 e6 6. Nge2 Nge7 7. O-O a6 8. a3
b5 9. cxb5 axb5 10. Nxb5 O-O 11. a4 Ba6 12. Ra3 Rb8 13. Nec3 Nd4 14. Nxd4 Bxf1
15. Qxf1 Bxd4 16. Nb5 Bg7 17. Qc4 d5 18. Qc2 Qd7 19. d3 Rbc8 20. Bf4 Nc6 21.
exd5 exd5 22. Qxc5 Nd4 23. Qxd5 Ne2+ 24. Kf1 Nxf4 25. gxf4 Rc1+ 26. Ke2 Qg4+
27. Qf3 Qc8 28. Nc3 Rc2+ 29. Kd1 Rxb2 30. Qc6 Qb8 0-1

[Event "Moscow Aeroflot op-A"]
[Site "Moscow"]
[Date "2005.02.16"]
[Round "2"]
[White "Kulaots, Kaido"]
[Black "Radjabov, Teimour"]
[Result "1/2-1/2"]
[WhiteElo "2576"]
[BlackElo "2667"]
[PlyCount "104"]
[EventDate "2005.02.15"]
[EventType "swiss"]
[EventRounds "9"]
[EventCountry "RUS"]
[SourceTitle "CBM 106"]
[Source "ChessBase"]
[SourceDate "2005.06.06"]
[SourceVersion "1"]
[SourceVersionDate "2005.06.06"]
[SourceQuality "1"]

1. e4 c5 2. Nf3 Nc6 3. Nc3 e5 4. Bc4 Be7 5. d3 Nf6 6. Nd2 d6 7. Nf1 Bg4 8. f3
Be6 9. Ne3 O-O 10. O-O Rb8 11. Ned5 Nd4 12. a4 Nxd5 13. Nxd5 Bg5 14. f4 exf4
15. Bxf4 Bxf4 16. Rxf4 Qg5 17. Rf2 h6 18. Qf1 Nc6 19. b3 Ne5 20. Nf4 Bd7 21.
Bd5 b6 22. h3 Rbe8 23. Qe2 Ng6 24. Nxg6 Qxg6 25. Raf1 Be6 26. Bxe6 Rxe6 27. Rf5
Re5 28. Qf3 f6 29. Qf4 Rfe8 30. Rf3 Kh7 31. Rg3 Qf7 32. Qg4 R8e6 33. Qf3 a6 34.
Qg4 g6 35. Rxe5 dxe5 36. Qe2 Rc6 37. Rf3 Qd7 38. Kh2 Kg7 39. Rf1 Qe6 40. Qf2
Rc7 41. Qe3 Qd6 42. Qf3 Qe6 43. Qe3 Qd6 44. Qf3 Rf7 45. Kh1 Qe6 46. Qe3 Qd6 47.
Qe2 Qe6 48. Qe3 Rc7 49. Qf2 Qd6 50. Qf3 Qe6 51. Qf2 Qd6 52. Qf3 Qe6 1/2-1/2

[Event "Moscow Aeroflot op-A"]
[Site "Moscow"]
[Date "2005.02.17"]
[Round "3"]
[White "Radjabov, Teimour"]
[Black "Minasian, Artashes"]
[Result "1-0"]
[WhiteElo "2667"]
[BlackElo "2586"]
[Annotator "Lukacs,P"]
[PlyCount "56"]
[EventDate "2005.02.15"]
[EventType "swiss"]
[EventRounds "9"]
[EventCountry "RUS"]
[SourceTitle "CBM 106"]
[Source "ChessBase"]
[SourceDate "2005.06.06"]
[SourceVersion "1"]
[SourceVersionDate "2005.06.06"]
[SourceQuality "1"]

{[%mdl 4]} 1. e4 g6 2. d4 Bg7 3. Nc3 c6 4. f4 d5 5. e5 Nh6 6. Be3 f6 7. h3 (7.
Qd2 $6 {Now the e3 B gets into trouble.} O-O (7... Nf5 $6 8. Nf3 O-O 9. Bd3 Be6
10. O-O-O Nd7 11. h3 b5 12. Ne2 a5 13. g4 Nxe3 14. Qxe3 $16 {
Michaille-Andurand, Lyon op 1993}) (7... Ng4 {and the B cannot run away.}) 8.
O-O-O (8. Be2 {- 7.Be2}) 8... Ng4 9. Be2 b5 $1 $132 {- Livshits-Finkel, Ramat
Aviv 2000 CBM 078}) (7. Be2 O-O 8. Nf3 (8. h3 $6 {is too slow.} Nf5 9. Bf2 fxe5
10. dxe5 g5 $1 {blowing up White's [+].} 11. g4 Nh6 12. fxg5 Nf7 13. g6 hxg6
14. Nf3 e6 15. Bc5 Re8 16. Qd3 Nd7 17. Bd6 Nxd6 18. exd6 Nf8 19. h4 e5 $17 {
Berthelot-Sulava, Gonfreville Master 1999}) (8. Qd2 fxe5 (8... Nf5 $6 9. Bf2
fxe5 (9... Qb6 {This provocative move usually helps only for White.} 10. Na4 {
The N was really bad on c3 anyway...} Qc7 11. Nf3 fxe5 12. fxe5 Nd7 13. g4 Nh6
14. h3 e6 15. Ng5 Re8 16. c4 dxc4 17. Bxc4 Nxe5 18. dxe5 b5 19. Nc5 bxc4 20.
Bd4 Bxe5 21. Nge4 Nf5 22. Bxe5 Qxe5 23. O-O-O $18 {Morozevich-Iordachescu, Wch
U20 Zagan 1997}) 10. dxe5 e6 11. Nf3 b6 12. g4 Ne7 13. h4 $16 {Golod Ratner,
A-Safranska,A/Sala op 1994}) 9. dxe5 (9. fxe5 Nf5 10. Nf3 Nxe3 11. Qxe3 $14 {
is the simple way holding White's P chain, but giving up the dark-squared B is
not everyone's taste.}) 9... g5 $5 {This hyper-aggressive blow has it's
drawbacks, too.} (9... Nd7 10. g4 Nb6 11. h3 $14 {and Black's pieces on the >>
are doomed to passivity.}) (9... Nf5 10. Bf2 $14) 10. fxg5 (10. Nf3 {is the
alternative quickly developing the pieces ignoring the weakness of e5.} gxf4 (
10... g4 11. Nh4 $1 {fighting for >< f5} (11. Ng5 Nf5) 11... e6 (11... Nf5 12.
Bf2 Nxh4 13. Bxh4 Bf5 14. h3 $1 $16) 12. g3 $14) 11. Bxf4 Nf7 12. O-O-O Bg4 13.
Nd4 $14) 10... Nf7 11. Nf3 {was the natural reply.} (11. Nh3 $2 Nxe5 (11...
Bxh3 $6 {giving up the ^^ in order to corrupt the white P structure is rather
dangerous. Both alternatives looked better:} 12. gxh3 Nxe5 13. O-O-O Nbd7 14.
Rhf1 $14 {Skripchenko-Krasenkow, Wijk aan Zee 2002 CBM 087}) (11... Bxe5 12.
O-O-O Qa5 13. Bd4 Bxd4 14. Qxd4 e5 (14... Bxh3 $6 15. gxh3 e5 16. Qh4 $16) 15.
Qh4 Bf5 (15... Qc5 16. Rhf1 $14) 16. Rhf1 Bg6 17. Kb1 $13) 12. Nf4 Ng4 $13)
11... Nxe5 (11... Bf5 12. O-O-O) 12. Nxe5 Bxe5 13. O-O-O {Black's P structure
is better and he has good prospects in the [+], but White's lead of
development is also an important factor.} Bf5 (13... Bg7 14. Rhf1 $14) (13...
Qa5 14. Rhf1 Rxf1 15. Rxf1 Bxc3 16. Qxc3 Qxc3 17. bxc3 {The ^^ in an opened
position with assymetrical P structure is favourable for White.} e5 18. Bc5 Nd7
19. Bd6 $16) 14. Rdf1 Nd7 15. g4 {White's pawns on the >> begin to march ahead.
} Bg6 16. Rxf8+ Nxf8 (16... Qxf8 17. h4 $16) 17. h4 Qa5 18. Bd4 Bxd4 19. Qxd4
Nd7 20. h5 $16) 8... Bg4 9. O-O {looks the most natural continuation.} (9. Nh4
$6 {- Godena-Iordachescu, EU-ch 2nd Ohrid 2001 CBM 84}) (9. h3 Bxf3 10. Bxf3 e6
(10... Nf5 11. Bf2 fxe5 12. fxe5 (12. dxe5 {is again rather double-edged:} e6
13. h4 Nd7 14. Ne2 Qe7 15. c3 b5 $13 {De Firmain-Poley, Osterskan 1994}) 12...
e6 13. O-O Nd7 (13... h5 $5 14. Ne2 $14 {preparing against c5.} (14. Qd3 $6 c5
$1 15. Rae1 Nc6 16. Ne2 Qg5 17. c4 cxd4 18. Nxd4 Ncxd4 19. Bxd4 Nh4 20. Qe2
Rac8 21. c5 Rf7 $19 {A.Sokolov-Komliakov, Nizhnij Novgorod 1998})) 14. Ne2 Qg5
{with pressure again on the c1-h6 /^.} 15. Qd3 h5 16. Kh2 Rf7 17. Rg1 c5 18. c3
$13 {Los-Nevednichy, Groningen 1993}) (10... Nd7 11. O-O fxe5 12. fxe5 e6 13.
Ne2 Qb6 14. Qd3 Rae8 15. b3 c5 $11 {Belov-Fakhudinov, RUS-ch U16 Serpukhov})
11. O-O (11. Qd2 $6 Nf5 12. Bg4 fxe5 13. Bxf5 Rxf5 14. fxe5 c5 $15 {J.
Pereira-F.Ribeiro, POR-ch 1994}) (11. g4 $6 {is again suicidal:} fxe5 12. fxe5
(12. dxe5 d4 $1 {and White's P chain collapses.}) 12... c5 $1 13. dxc5 Nc6 14.
O-O Nf7 15. Nb5 Bxe5 $17 {Hazai-Van Mil, Hungary chT 1997}) 11... Nd7 12. Ne2
Qe7 13. g4 fxe5 14. fxe5 c5 15. c3 {Now White can hold his [+]!} Nf7 16. Qd2
Rac8 17. Bg2 Rc7 18. Nf4 Nb6 19. b3 cxd4 20. cxd4 Rfc8 21. Rf2 $14 {with some
space advantage for White, Zaichik-Titov, Kostroma 1985.}) (9. Qd2 Nf5 10. Bf2
Nd7 11. O-O (11. O-O-O Bxf3 $1 12. exf6 (12. Bxf3 $2 {is strongly met by} fxe5
13. dxe5 Nxe5 $1 {with nasty threats on the c1-h6 /^.}) 12... Rxf6 (12... exf6
{This is a bit passive.} 13. Bxf3 {White now can use his space advantage for
an |^ on the >>.} Nd6 {/\ f5!} 14. h4 f5 {controlling _|_ e4} 15. h5 Nf6 16.
hxg6 hxg6 17. Bh4 Qd7 18. Rdg1 {/\ g4} Rae8 19. Bxf6 Rxf6 (19... Bxf6 20. g4
$36) 20. g4 $14 {Cao Sang-Iordachescu, Moscow 1994}) 13. Bxf3 Nb6 $13) 11...
Bh6 12. Rae1 Bxf3 13. Bxf3 fxe5 14. dxe5 e6 15. Kh1 Kh8 $11 {Lanka-Hodgson,
NLD-ch op 1994}) (9. Qd3 Nd7 10. O-O Nf5 11. Bf2 Bxf3 12. Bxf3 fxe5 13. fxe5 e6
14. Ne2 c5 15. c3 cxd4 16. cxd4 Qb6 {1/2:1/2 Berelovich-Kalinin, Alushta 1999})
9... Nf5 (9... fxe5 10. fxe5 (10. dxe5 Nf5 11. Bf2 Bxf3 12. Bxf3 e6 {Black's 
[+] can be mobilized by c5.} 13. Ne2 Nd7 14. Bg4 Qe7 15. Nd4 Nxd4 16. Qxd4 {
(Sveshnikov-Yurtaev, Volgodonsk 1983)} c5 $132 {Sveshnikov}) 10... Bxf3 11.
Bxf3 Nf5 (11... e6 12. Ne2 Nf5 13. Bf2 Qe7 14. c3 Nd7 15. a4 c5 16. a5 Rac8 17.
Kh1 Kh8 18. Qd3 $14 {Anand-Kantsler, Frunze 1997}) 12. Bf2 Bh6 {This is
Black's main threat here.} 13. Qd3 e6 14. Ne2 Nd7 15. c4 $14 (15. g4 $6 {
is premature:} Qg5 16. h3 c5 $5 $132 (16... Rf7 17. Bg2 Ne7 18. Bg3 Qe3+ $11 {
Cela-Nevednichy, Athens 1998}))) 10. Bf2 Bh6 (10... Bxf3 11. Bxf3 fxe5 12. fxe5
{- 9...fxe5 10.fxe5} (12. dxe5 {- 9...fxe5 10.dxe5})) 11. Nh4 $5 (11. g3 Nd7
12. Qd3 fxe5 13. dxe5 e6 14. h4 {/\ Ng5} Qe7 15. Ng5 Bxe2 16. Qxe2 Bxg5 17.
hxg5 Qb4 18. Nd1 a6 19. b3 Rf7 20. a3 Qf8 21. Kg2 Qg7 22. Nb2 $14 {Saltaev-Van
Mil, Capella Grande 1998}) 11... Bxe2 12. Qxe2 Bxf4 $6 13. exf6 Rxf6 14. Nxf5
Rxf5 15. Bh4 $1 $16 {Schuster-Baerwinkel, DLM 1995}) (7. Nf3 Bg4 (7... O-O 8.
h3 (8. Be2 {- 7.Be2}) 8... fxe5 9. dxe5 e6 10. Qd2 {/\ 0-0-0, g4} (10. g4 c5 $5
11. g5 d4 (11... Nf5 12. Bxc5) 12. gxh6 Bxh6 13. Nb5 (13. Nxd4 $6 Qh4+ 14. Bf2
Qxf4 $36) 13... a6 14. Nbxd4 cxd4 15. Qxd4 Qxd4 16. Nxd4 Bxf4 17. Bxf4 Rxf4 18.
O-O-O Re4) 10... Qa5 11. g4 c5 12. Nb5 (12. b4 $5 cxb4 13. Nb5 $44 {
Vajda-Istratescu, Bucharest 1998}) 12... Qxd2+ 13. Bxd2 Nc6 14. O-O-O Nf7 15.
c4 $14) 8. h3 Bxf3 9. Qxf3 fxe5 10. dxe5 $1 (10. fxe5 {is again illogical,
Black quickly finishes development.} Nf5 11. Bf2 O-O 12. Qd3 e6 13. O-O-O (13.
Ne2 c5 14. c3 Nc6 $15) 13... c5 $15 {Flores-Bruzon, Oropesa del Mar 1999})
10... O-O 11. Qe2 {is interesting.}) 7... fxe5 (7... Nf5 8. Bf2 fxe5 9. dxe5 {
- 7..fxe5}) 8. dxe5 $5 (8. fxe5 {is again not very impressive.} Nf5 9. Bf2 (9.
Bf4 $6 Qb6 10. Nge2 Qxb2 $15) 9... c5 $5 {comes into consideration.} (9... Bh6
10. Qd3 b6 (10... Na6 11. a3) 11. g4 Ba6 12. Qd1 Ng7 (12... Bxf1 13. gxf5 Ba6
14. Qg4 $14) 13. Bxa6 (13. h4 Bxf1 14. Kxf1 {Here the K is not very nice.} Ne6
$5 (14... O-O 15. g5 Nf5 $13 {- Nataf-Minasian, ICC INT 2004 CBM 105}) 15. g5
Bg7 16. Qg4 Qd7 17. h5 Rf8 18. Nf3 Na6 $15) 13... Nxa6 14. Qe2 Nc7 15. Be3 Bxe3
16. Qxe3 Qd7 17. O-O-O $14 {with some space advantage for White.})) 8... Nf5 (
8... g5 $2 {is overoptimistic, Black has to finish his development first, and
only after than open the position.} 9. Qh5+ Nf7 10. Nf3 h6 11. Qg6 $18 {
Volokitin-Van Mil, Germany 2003}) 9. Bf2 h5 {The well-known blockading
strategy.} (9... d4 10. Nce2 (10. Ne4 {looks more active.}) 10... O-O 11. Qd2 (
11. Nxd4 $5) 11... c5 12. g4 Nh6 {If the N has to retreat, Black's strategy
has failed.} 13. Nf3 Nc6 14. Bg2 $14 {Lanka-Trommsdorf, Cannes 1995}) 10. Nf3
Nd7 {/\ Nf8 and blockading the vital e6 square.} (10... h4 11. Qd2 Qa5 12.
O-O-O $36) 11. Bd3 Nf8 12. Qd2 Be6 {Now the N on f8 is out of play.} (12... Ne6
13. O-O-O h4 14. Ne2 $16) 13. Ne2 Qc7 14. O-O-O O-O-O 15. Ng5 (15. g4 $5 {
immediately looked strong, too.} hxg4 16. hxg4 Rxh1 17. Rxh1 Nh6 18. g5 Nf5 (
18... Ng4 19. Bg1) 19. Ned4 $16) 15... Bh6 16. g4 Ng7 17. Nxe6 Ngxe6 18. g5 $1
Bg7 19. c3 $16 {Black's >> is more or less paralyzed.} Kb8 20. Qc2 Rg8 21. Kb1
Bh8 (21... c5 {is strongly met by} 22. c4 $1 d4 {and the vital e4 square
belongs to White.} 23. Be4 $16) 22. c4 $1 {White has to open up the position
with his ^^ and active pieces.} Qa5 23. a3 Rg7 {The black pieces look really
pathetic!} (23... d4 24. c5 $18) 24. Ka2 {White has time for everything.} (24.
cxd5 cxd5 25. Rc1 $18) 24... Nc5 {Desperation.} (24... d4 25. c5 $1) 25. b4
Nxd3 26. bxa5 Nxf2 27. cxd5 cxd5 28. Rc1 (28. Rxd5 $18) 28... e6 1-0

[Event "Moscow Aeroflot op-A"]
[Site "Moscow"]
[Date "2005.02.18"]
[Round "4"]
[White "Sargissian, Gabriel"]
[Black "Radjabov, Teimour"]
[Result "1/2-1/2"]
[WhiteElo "2602"]
[BlackElo "2667"]
[PlyCount "55"]
[EventDate "2005.02.15"]
[EventType "swiss"]
[EventRounds "9"]
[EventCountry "RUS"]
[SourceTitle "CBM 106"]
[Source "ChessBase"]
[SourceDate "2005.06.06"]
[SourceVersion "1"]
[SourceVersionDate "2005.06.06"]
[SourceQuality "1"]

1. Nf3 Nf6 2. d4 g6 3. c4 Bg7 4. g3 c5 5. Bg2 cxd4 6. Nxd4 O-O 7. Nc3 Qc7 8.
Nd5 Qxc4 9. Nxe7+ Kh8 10. Nxc8 Rxc8 11. O-O Nc6 12. e3 Nxd4 13. exd4 d5 14. Be3
Rc6 15. Bf3 Rac8 16. Qb3 Qxb3 17. axb3 a6 18. Rfc1 Rxc1+ 19. Rxc1 Rxc1+ 20.
Bxc1 Ne4 21. Be3 f5 22. Kf1 Kg8 23. Ke2 Kf7 24. Kd3 Ke6 25. Bg2 Bf6 26. f3 Nd6
27. h4 Nb5 28. Bh3 1/2-1/2

[Event "Moscow Aeroflot op-A"]
[Site "Moscow"]
[Date "2005.02.19"]
[Round "5"]
[White "Radjabov, Teimour"]
[Black "Timofeev, Artyom"]
[Result "1/2-1/2"]
[WhiteElo "2667"]
[BlackElo "2619"]
[PlyCount "105"]
[EventDate "2005.02.15"]
[EventType "swiss"]
[EventRounds "9"]
[EventCountry "RUS"]
[SourceTitle "CBM 106"]
[Source "ChessBase"]
[SourceDate "2005.06.06"]
[SourceVersion "1"]
[SourceVersionDate "2005.06.06"]
[SourceQuality "1"]

1. d4 Nf6 2. c4 g6 3. Nc3 d5 4. Bf4 Bg7 5. e3 c5 6. dxc5 Qa5 7. Rc1 dxc4 8.
Bxc4 O-O 9. Nf3 Qxc5 10. Bb3 Qa5 11. O-O Nc6 12. Qe2 Bg4 13. Nb5 e6 14. Nbd4
Nh5 15. Bg5 Kh8 16. Nxc6 Qxg5 17. Ncd4 Rac8 18. h3 Bxf3 19. Nxf3 Qe7 20. e4 Nf6
21. Qe3 a6 22. e5 Nd7 23. Rfd1 Kg8 24. g3 Nc5 25. Bc2 Rc7 26. Rd2 Rfc8 27. Rcd1
Nd7 28. Bb1 Bf8 29. Kg2 Nc5 30. Bc2 Nd7 31. Be4 Nc5 32. Bc2 Nd7 33. Bb1 Nc5 34.
h4 Rd7 35. h5 Rcd8 36. Rxd7 Rxd7 37. Rh1 Bg7 38. b4 Na4 39. Bc2 b5 40. Bxa4
bxa4 41. Qb6 g5 42. Rc1 h6 43. Rc8+ Bf8 44. a3 Kg7 45. Qxa6 Rd8 46. Rc3 Qd7 47.
Qc4 Qb7 48. Re3 Rd1 49. Qe4 Qc7 50. Re1 Rxe1 51. Nxe1 Qc3 52. Qe3 Qb2 53. Qd3
1/2-1/2